[Event "Keszthely"]
[Site "Keszthely"]
[Date "1981.??.??"]
[Round "1"]
[White "Chandler, Murray G"]
[Black "Razuvaev, Yuri S"]
[Result "1-0"]
[WhiteElo "2455"]
[BlackElo "2525"]

1.e4 e6 2.d4 d5 3.Nd2 a6 4.Ngf3 c5 5.exd5 exd5 6.Be2 Nf6 7.O-O Be7 8.dxc5 Bxc5
9.Nb3 Be7 10.Be3 O-O 11.Nfd4 Re8 12.Re1 Nbd7 13.Nf5 Bf8 14.Bd3 Ne5 15.Bd4 Nxd3
16.Qxd3 Ne4 17.Ng3 Nd6 18.Rad1 Bg4 19.Rc1 Nc4 20.Rxe8 Qxe8 21.Bc3 Qd8 22.Re1 b5
23.Nd4 Rc8 24.a3 h6 25.h3 Bd7 26.Ndf5 Bxf5 27.Nxf5 Rc6 28.Bxg7 Re6 29.Rxe6 fxe6
30.Qg3 Kh7 31.Bxf8 Qxf8 32.Qc7+ Kg6 33.Nh4+ Kf6 34.Qf4+ Kg7 35.Qg3+ Kf7 36.Qf4+ Ke8
37.Qd4 Qf7 38.Nf3 Qg6 39.Ne1 Qe4 40.Qh8+ Kd7 41.Nd3 Qe2 42.Nc5+ Kc7 43.Qh7+ Kd6
44.b4 Qe1+ 45.Kh2 Qe5+ 46.g3 Qf5 47.Qd7+ Ke5 48.Qg7+ Kd6 49.Kg1 Ne5 50.f4 Nf3+
51.Kf1 e5 52.g4  1-0

[Event "NOR-ch"]
[Site "Kirkenes"]
[Date "1981.??.??"]
[Round "?"]
[White "Svedenborg, Dag"]
[Black "Heiberg, T."]
[Result "1-0"]
[WhiteElo "2200"]
[BlackElo "2260"]

1.e4 e6 2.d4 d5 3.Nd2 Nc6 4.Ngf3 Nf6 5.e5 Nd7 6.c3 f6 7.exf6 Qxf6 8.Bd3 Bd6
9.O-O O-O 10.Nb3 h6 11.Bc2 Ne7 12.Qd3 Rf7 13.Qh7+ Kf8 14.Qh8+ Ng8 15.Bh7 Ke7
16.Bxg8 Rf8 17.Qh7 Rxg8 18.Qxg8 Nf8 19.Ne5 Bxe5 20.dxe5 Qg6 21.f4  1-0

[Event "NZD-ch"]
[Site "Lincoln"]
[Date "1981.??.??"]
[Round "6"]
[White "Small, Vernon A"]
[Black "Sarapu, Ortvin"]
[Result "1/2-1/2"]
[WhiteElo "2345"]
[BlackElo "2310"]

1.e4 e6 2.d4 d5 3.Nd2 Nc6 4.Ngf3 Nf6 5.e5 Nd7 6.Be2 Be7 7.Nf1 O-O 8.Ne3 f6
9.exf6 Bxf6 10.O-O Ne7 11.Ng4 c5 12.c4 cxd4 13.Nxf6+ Nxf6 14.cxd5 exd5 15.Nxd4 Nc6
16.Be3 Nxd4 17.Qxd4 Be6 18.Rac1 a6 19.Bf3 Rc8 20.Bg5 Rxc1 21.Rxc1 h6 22.Bh4 Qd7
23.Rd1 Qf7 24.Bxf6 Qxf6 25.Qxf6 Rxf6 26.Kf1 Kf7 27.Bxd5 Bxd5 28.Rxd5 Rb6
29.b3 Rc6 30.Ke2 Ke6 31.Rd3 Rc2+ 32.Rd2 Rc1 33.h4 a5 34.Kf3 a4 35.Re2+ Kf6
36.bxa4 Rc4 37.Re4 Rc3+ 38.Kg4 Rc2 39.Kg3 Rxa2 40.Rb4 g6 41.f3 h5 42.Kh3 Ra3
43.Kh2 Ra2 44.Kg3 Kf5 45.Kh3 Ra3 46.Rb5+ Ke6 47.a5 Kf6 48.Rb6+ Kf5 49.Rxb7 Rxa5
50.g4+ hxg4+ 51.fxg4+ Ke6 52.Rb6+ Kf7 53.Kg3 Ra4 54.Rd6 Rb4 55.g5 Rb3+ 56.Kf4 Rb4+
57.Ke5 Rxh4 58.Rd7+ Kg8 59.Kf6 Ra4 60.Kxg6 Ra6+ 61.Kh5 Rb6 62.Re7 Ra6 63.Re5 Kg7
64.Re7+ Kg8 65.Rb7 Rc6 66.g6 Rc1  1/2-1/2

[Event "Montreal zt"]
[Site "Montreal"]
[Date "1981.??.??"]
[Round "?"]
[White "Harper, Bruce"]
[Black "Buchholz, Martin"]
[Result "1-0"]
[WhiteElo "2340"]
[BlackElo "2235"]

1.e4 e6 2.d4 d5 3.Nd2 Nc6 4.Ngf3 Nf6 5.e5 Nd7 6.Nb3 a5 7.a4 Be7 8.Bb5 Ncb8
9.O-O b6 10.Qe2 c6 11.Bd3 Ba6 12.c4 dxc4 13.Bxc4 O-O 14.Be3 Bxc4 15.Qxc4 Qc8
16.Rac1 Qa6 17.Qc2 Rc8 18.Rfd1 b5 19.axb5 Qxb5 20.d5 exd5 21.Nbd4 Qb7 22.Nf5 Re8
23.Rd4 g6 24.Nh6+ Kg7 25.Rf4 f6 26.Nf5+ gxf5 27.Qxf5 c5 28.Rh4 Rh8 29.Bh6+ Kf7
30.Re1 Nc6 31.Qh5+ Ke6 32.exf6+ Nde5 33.Nxe5 Bxf6 34.Ng4+ Kd6 35.Bf4+ Be5
36.Nxe5 Qb4 37.Nd3+  1-0

[Event "Moscow-ch"]
[Site "Moscow"]
[Date "1981.??.??"]
[Round "12"]
[White "Kremenietsky, Anatoly M"]
[Black "Razuvaev, Yuri S"]
[Result "1-0"]
[WhiteElo "2380"]
[BlackElo "2525"]

1.e4 e6 2.d4 d5 3.Nd2 a6 4.Ngf3 c5 5.exd5 exd5 6.dxc5 Bxc5 7.Nb3 Bb6 8.Bd3 Ne7
9.O-O O-O 10.Re1 Nbc6 11.Be3 h6 12.Qd2 Bxe3 13.Qxe3 Bf5 14.Rad1 Bxd3 15.Rxd3 Qc7
16.Nfd4 Rad8 17.Qd2 Ne5 18.Rg3 N7g6 19.Nf5 Rfe8 20.h4 h5 21.Rge3 Qd7 22.Nbd4 Ng4
23.Rxe8+ Rxe8 24.Rxe8+ Qxe8 25.f3 Nf6 26.g3 Nf8 27.Qc3 Ne6 28.Kf2 Qd7 29.Ne2 Kh7
30.Nfd4 Qd6 31.Qe3 Nxd4 32.Qxd4 Qc6 33.c3 Qb5 34.b3 Qa5 35.a4 Qc7 36.Nf4 Kg8
37.Qe3 Qd6 38.b4 b6 39.Qd3 a5 40.Qd4 axb4 41.cxb4 Qc6 42.Ne2 Qxa4 43.Qxb6 Nd7
44.Qd4 Nf8 45.Qxd5 Qxb4 46.Qxh5 Qb6+ 47.Kg2 Qb2 48.f4 Nd7 49.Qf3 Nf6 50.g4 Nd5
51.Kg3 Qd2 52.f5 Ne3 53.Kh3 Nd5 54.Kg3 Ne3 55.Qa8+ Kh7 56.Qf3 Kg8 57.Nf4 Qe1+
58.Kh3 Kh7 59.Ne2 Qf1+ 60.Qxf1 Nxf1 61.Kg2 Nd2 62.Kg3 f6 63.Nc3 Kh6 64.Kf4 Nc4
65.Ne4 Nb6 66.Ke3 Nd5+ 67.Kd4 Nf4 68.g5+ Kh5 69.Nxf6+ Kxh4 70.Ne4 Nh3 71.f6 Nf4
72.Ke5 Ng6+ 73.Kf5 gxf6 74.gxf6 Nh8 75.Nd6 Kh5 76.Ke6 Kg6 77.Ke7 Kh5 78.Ke6 Kg6
79.Nf5 Kg5 80.Nd4 Kh6 81.Nf3 Ng6 82.Kd7 Nh8 83.Ne5 Kg5 84.Ke6 Kh5 85.Ke7  1-0

[Event "US op"]
[Site "Palo Alto"]
[Date "1981.??.??"]
[Round "6"]
[White "Grefe, John A"]
[Black "Burnett, Kevin"]
[Result "1-0"]
[WhiteElo "2502"]
[BlackElo "2322"]

1.e4 e6 2.d4 d5 3.Nd2 Nc6 4.Ngf3 Nf6 5.e5 Nd7 6.b3 Be7 7.Bb2 O-O 8.a3 a5
9.c4 dxc4 10.bxc4 f6 11.exf6 Bxf6 12.Ne4 e5 13.d5 Ne7 14.c5 Kh8 15.Bc4 Ng6
16.O-O b6 17.c6 Nc5 18.Nxc5 bxc5 19.Nd2 Bf5 20.f3 Bg5 21.Qe1 Bf4 22.Ne4 Bxe4
23.fxe4 Qg5 24.Bc1 Nh4 25.Qg3 Qh5 26.Bxf4 exf4 27.Rxf4 Ng6 28.Rxf8+ Rxf8
29.Rf1 Rxf1+ 30.Bxf1 Ne5 31.d6  1-0

[Event "Pernik"]
[Site "Pernik"]
[Date "1981.??.??"]
[Round "4"]
[White "Tseitlin, Mikhail S"]
[Black "Marszalek, Rafal"]
[Result "1-0"]
[WhiteElo "2505"]
[BlackElo "2350"]

1.e4 e6 2.d4 d5 3.Nd2 a6 4.Ngf3 c5 5.dxc5 Bxc5 6.Bd3 Nf6 7.O-O Nc6 8.Qe2 Nb4
9.e5 Nd7 10.Nb3 Be7 11.Bd2 Nc6 12.Rac1 Nb6 13.c3 Bd7 14.Nbd4 Na4 15.b3 Nc5
16.Bb1 O-O 17.b4 Na4 18.Bh6 Re8 19.Nxc6 Bxc6 20.Nd4 g6 21.f4 Bd7 22.f5 exf5
23.Nxf5 Bxf5 24.Rxf5 Bf8 25.Bg5 Qb6+ 26.Rf2 Rac8 27.Qf3 Qe6 28.a3 d4 29.Ba2 Qf5
30.Qxb7 Qxf2+ 31.Kxf2  1-0

[Event "Smederevo"]
[Site "Smederevo"]
[Date "1981.??.??"]
[Round "?"]
[White "Matulovic, Milan"]
[Black "Despotovic, Momcilo"]
[Result "0-1"]
[WhiteElo "2490"]
[BlackElo "2440"]

1.e4 e6 2.d4 d5 3.Nd2 Be7 4.e5 c5 5.c3 Nc6 6.Ndf3 Qb6 7.Bd3 cxd4 8.cxd4 Bb4+
9.Kf1 Bd7 10.a3 Be7 11.Ne2 h5 12.h4 Nh6 13.g3 Ng4 14.b4 a6 15.Bf4 Na7 16.Nc3 Rc8
17.Na4 Bxa4 18.Qxa4+ Nb5 19.Kg2 O-O 20.Qd1 g6 21.Bxb5 Qxb5 22.Re1 Rc3 23.Bd2 Rc4
24.Rc1 Rfc8 25.Rxc4 Qxc4 26.Qc1 Rc6 27.Qxc4 Rxc4 28.Rc1 b5 29.Rxc4 dxc4 30.Ne1 Bf8
31.Kf3 f6 32.exf6 Nxf6 33.Nc2 Kf7 34.Bg5 Nd5 35.Ke4 Bg7 36.f3 Nc3+ 37.Ke3 Nd5+
38.Ke4 Nc3+ 39.Ke3 Bf6 40.Bf4 Nd5+ 41.Ke4 Nc3+ 42.Ke3 Ke8 43.Be5 Be7 44.Kd2 Nd5
45.Ne3 Nxe3 46.Kxe3 Kd7 47.Ke4 Kc6 48.Bf4 Bd6 49.Be5 Bc7 50.Ke3 Bxe5 51.dxe5 Kd5
52.f4 c3 53.Kd3 c2 54.Kxc2 Ke4 55.Kc3 Kf3 56.Kd4 Kxg3 57.Kc5 Kxf4 58.Kb6 g5
59.hxg5 Kxe5  0-1

[Event "Svendborg"]
[Site "Svendborg"]
[Date "1981.??.??"]
[Round "5"]
[White "Poulsen, Allan"]
[Black "Bednarski, Jacek B"]
[Result "1/2-1/2"]
[WhiteElo "2380"]
[BlackElo "2380"]

1.e4 e6 2.d4 d5 3.Nd2 Be7 4.Ngf3 Nf6 5.e5 Nfd7 6.Bd3 c5 7.c3 b6 8.Qe2 a5
9.O-O a4 10.c4 Bb7 11.cxd5 Bxd5 12.Ne4 cxd4 13.Nxd4 Nxe5 14.Bb5+ Ned7  1/2-1/2

[Event "Tirnava"]
[Site "Trnava"]
[Date "1981.??.??"]
[Round "5"]
[White "Plachetka, Jan"]
[Black "Knaak, Rainer"]
[Result "1-0"]
[WhiteElo "2425"]
[BlackElo "2495"]

1.e4 e6 2.d4 d5 3.Nd2 Be7 4.Ngf3 Nf6 5.Bd3 c5 6.e5 Nfd7 7.c3 Nc6 8.O-O Qb6
9.Re1 cxd4 10.cxd4 Nxd4 11.Nxd4 Qxd4 12.Nf3 Qb6 13.Bg5 Nc5 14.Bxe7 Kxe7 15.Bc2 Bd7
16.Nd4 Rag8 17.Rc1 Qxb2 18.Bxh7 Rc8 19.Rb1 Qxa2 20.Bc2 Rh4 21.Rb4 Re4 22.Bxe4 dxe4
23.Rf1 Qd5 24.Nf5+ Kf8 25.Nd6 Qxd1 26.Rxd1 Rc7 27.Rc1 Rc6 28.Ra1 f5 29.h4 Nd3
30.Rxb7 Nxe5 31.Nb5 a6 32.Nd4 Rd6 33.Nb3 Nd3 34.Ra7 Bb5 35.Ra2 Rc6 36.Nd4 Rc1+
37.Kh2 Bc4 38.Rd2 Kg8 39.h5 Kh7 40.Re7 Nf4 41.Rc7 Nd5 42.Rc6 Nf4 43.Rb2 Nd3
44.Rb8 f4 45.Rcc8 Kh6 46.Nxe6 Kxh5 47.Nxf4+ Nxf4 48.Rb4 Rf1 49.Rbxc4 Rxf2
50.Kg3 Rf1 51.Rxe4 g5 52.Rc5 Nd3 53.Ra5 Rf4 54.Rxf4 Nxf4 55.Rxa6 Ng6 56.Ra8 Nh4
57.Rh8+ Kg6 58.Rxh4  1-0

[Event "Tirnava"]
[Site "Trnava"]
[Date "1981.??.??"]
[Round "9"]
[White "Prandstetter, Eduard"]
[Black "Knaak, Rainer"]
[Result "0-1"]
[WhiteElo "2440"]
[BlackElo "2495"]

1.e4 e6 2.d4 d5 3.Nd2 Be7 4.exd5 exd5 5.Bd3 c5 6.dxc5 Bxc5 7.Ngf3 Nc6 8.O-O Nge7
9.Nb3 Bd6 10.c3 Bg4 11.h3 Bh5 12.Be2 O-O 13.Nfd4 Bxe2 14.Nxe2 Ne5 15.Bf4 Qd7
16.Bh2 Rfe8 17.Ned4 N7g6 18.Qc2 Nc4 19.Bxd6 Qxd6 20.Rae1 Nf4 21.Ne2 Qg6 22.Qxg6 Nxg6
23.Ned4 Nxb2 24.Nb5 Red8 25.Na5 Rd7 26.Re3 a6 27.Nd4 Nc4 28.Nxc4 dxc4 29.Rfe1 f6
30.Re8+ Rxe8 31.Rxe8+ Kf7 32.Rc8 b5 33.a4 Ne7 34.Rc5 Nd5 35.Ne2 bxa4 36.Ra5 Rd6
37.Rxa4 Re6 38.Nd4 Nxc3 39.Rxc4 Re1+ 40.Kh2 Nb5 41.Nc6 Re8 42.Rc5 Re2 43.Kg3 Rb2
44.Na5 Nd6 45.Rc6 Nf5+ 46.Kh2 Rxf2 47.Rxa6 Ne3 48.Kg3 Rc2 49.h4 Kg6 50.Ra7 Nf5+
51.Kf4 Rf2+ 52.Ke4 Nxh4 53.g3 Nf5 54.g4 Ng3+ 55.Ke3 Ra2  0-1

[Event "Wiesbaden"]
[Site "Wiesbaden"]
[Date "1981.??.??"]
[Round "?"]
[White "Chandler, Murray G"]
[Black "Mariotti, Sergio"]
[Result "1/2-1/2"]
[WhiteElo "2530"]
[BlackElo "2475"]

1.d4 e6 2.e4 d5 3.Nd2 Nc6 4.Ngf3 Nf6 5.e5 Nd7 6.Be2 f6 7.exf6 Qxf6 8.Nf1 Bd6
9.Bg5 Qf7 10.Ne3 h6 11.Bh4 b6 12.c3 Bb7 13.Qa4 a6 14.Bg3 Bxg3 15.hxg3 O-O
16.O-O-O e5 17.dxe5 Ncxe5 18.Qc2 Nxf3 19.Bxf3 Nf6 20.Nf5 Ne4 21.g4 Qe6 22.Rhe1 b5
23.Qb3 Rae8  1/2-1/2

[Event "Hoogovens-B"]
[Site "Wijk aan Zee"]
[Date "1981.??.??"]
[Round "4"]
[White "Van der Wiel, John TH"]
[Black "Bohm, Hans"]
[Result "1/2-1/2"]
[WhiteElo "2465"]
[BlackElo "2410"]

1.e4 e6 2.d4 d5 3.Nd2 Nc6 4.Ngf3 Nf6 5.e5 Nd7 6.Be2 b6 7.Nf1 a5 8.Bg5 Ne7
9.c4 c6 10.Ne3 f6 11.exf6 gxf6 12.Bh4 Ng6 13.O-O Bd6 14.Bg3 Bxg3 15.hxg3 O-O
16.Re1 Rf7 17.cxd5 cxd5 18.Bd3 Ndf8 19.Qd2 Raa7 20.Ng4 Rg7 21.Qh6 e5 22.Nfh2 e4
23.Bc2 f5 24.Ne3 Be6 25.f4 Ne7 26.Nhf1 Rg6 27.Qh5 Nd7  1/2-1/2

[Event "Amsterdam"]
[Site "Amsterdam"]
[Date "1982.??.??"]
[Round "7"]
[White "Van Mil, Johannes A J"]
[Black "Langeweg, Kick"]
[Result "1-0"]
[WhiteElo "2315"]
[BlackElo "2395"]

1.e4 e6 2.d4 d5 3.Nd2 a6 4.Ngf3 c5 5.exd5 exd5 6.Be2 Nc6 7.O-O Bd6 8.dxc5 Bxc5
9.Nb3 Ba7 10.Re1 Nge7 11.Bf4 O-O 12.c3 Ng6 13.Bg5 f6 14.Be3 Bxe3 15.fxe3 Re8
16.Bd3 Bg4 17.Qc2 Bxf3 18.gxf3 Nh4 19.Qf2 f5 20.f4 Qf6 21.Kh1 Ng6 22.Rg1 h6
23.Rg3 Nf8 24.Qg2  1-0

[Event "Amsterdam"]
[Site "Amsterdam"]
[Date "1982.??.??"]
[Round "8"]
[White "Van der Wiel, John TH"]
[Black "Short, Nigel D"]
[Result "0-1"]
[WhiteElo "2520"]
[BlackElo "2485"]

1.e4 e6 2.d4 d5 3.Nd2 Nc6 4.Ngf3 Nf6 5.e5 Nd7 6.Be2 f6 7.exf6 Qxf6 8.Nf1 Bd6
9.Ne3 O-O 10.O-O Qg6 11.c4 Nf6 12.a3 Bd7 13.b4 a6 14.Bb2 Bf4 15.Qb3 Qh5 16.h3 Kh8
17.Rae1 Qg6 18.Bd3 Qh5 19.Qd1 Rad8 20.Ne5 Qxd1 21.Nxd1 dxc4 22.Bxc4 Nxe5
23.dxe5 Ng8 24.g3 Bd2 25.Re2 Bc6 26.f4 Ne7 27.Kh2 g5 28.Bxe6 Bb5 29.Bf7 Rxf7
30.e6+ Rg7 31.fxg5 Kg8 32.Bxg7 Bxe2 33.Rf7 Bxg5 34.Bc3 Rxd1 35.Rg7+ Kf8 36.Rxg5 Bc4
37.Rh5 Bxe6 38.Rxh7 Rc1 39.Bd4 Nf5 40.Bc5+ Kg8 41.Rh5 Bd5  0-1

[Event "FRG-ch"]
[Site "Bad Neuenahr"]
[Date "1982.??.??"]
[Round "?"]
[White "Neumann, Joachim"]
[Black "Lieb, Harald"]
[Result "0-1"]
[WhiteElo "2240"]
[BlackElo "2275"]

1.e4 e6 2.d4 d5 3.Nd2 Nc6 4.Ngf3 Nf6 5.e5 Nd7 6.b3 f6 7.Bb2 fxe5 8.Nxe5 Ndxe5
9.dxe5 Bc5 10.Nf3 O-O 11.Bd3 Bd7 12.h4 Be8 13.h5 Nb4 14.Be2 c6 15.a3 Na6
16.Bd4 Be7 17.b4 Nc7 18.Bd3 b6 19.c3 c5 20.bxc5 bxc5 21.Be3 d4 22.cxd4 Nd5
23.Qc2 h6 24.Qd2 Rxf3 25.gxf3 cxd4 26.Bxh6 Bf8 27.Rg1 Bxh5 28.Bxg7 Bxg7 29.Qh6 Qc7
30.Rc1 Qxe5+ 31.Kf1 Bf7 32.Be4 Kf8 33.Qh7 Rb8 34.Bxd5 exd5 35.Qh3 Qe6 36.Qg3 Be5
37.f4 Qh6 38.Qg5 Bxf4 39.Qxh6+ Bxh6 40.Rg4 Bxc1  0-1

[Event "Baile Herculane zt"]
[Site "Baile Herculane"]
[Date "1982.??.??"]
[Round "19"]
[White "Ghinda, Mihail Viorel"]
[Black "Ambroz, Jan"]
[Result "1/2-1/2"]
[WhiteElo "2425"]
[BlackElo "2430"]

1.e4 e6 2.d4 d5 3.Nd2 Be7 4.c3 c5 5.dxc5 Bxc5 6.Nb3 Bb6 7.exd5 exd5 8.Bb5+ Nc6
9.Ne2 Ne7 10.O-O O-O 11.Bf4 Ng6 12.Bg3 h5 13.h3 h4 14.Bh2 Nce5 15.Nbd4 Nc4
16.Rb1 Qf6 17.Kh1 Nd6 18.Bd3 Ne4 19.f3 Nd6 20.Qb3 Bf5 21.Bxd6 Bxd3 22.Bxf8 Rxf8
23.Rbd1 Bc4 24.Qc2 Nf4 25.Nxf4 Qxf4 26.Rfe1 Bc7 27.g3 Qxg3 28.Qg2 Qf4 29.b3 Ba6
30.Re7 Bd6 31.Rd7 Re8 32.c4 g6 33.Ne2 Qf6 34.Rxd5 Bf4 35.Rd1 Bb8 36.Ng1 b6
37.Qd2 Bf4 38.Qd4 Be5 39.Qe4 Bc8 40.Rxa7 Bf5 41.Qe3 Qc6 42.Re1 Re6 43.Qd2 Rd6
44.Qh6 Bf6 45.Rc7 Qa8 46.c5 bxc5 47.Rxc5 Qd8 48.Qf4 Kg7 49.Rxf5 gxf5 50.Re2 Qd7
51.Rg2+ Kf8 52.Qh6+ Ke7 53.Rg8 Rd1 54.Qe3+ Kd6 55.Ra8 Bd4 56.Qf4+ Kc6 57.Rg8 Bxg1
58.Qa4+ Kc7 59.Qxd7+ Kxd7 60.Rxg1 Rd3 61.Rg7 Rxf3 62.Kg2 Rc3 63.Rxf7+ Ke6
64.Rh7 Ke5 65.Rxh4 Rc2+ 66.Kf3 Rxa2 67.Rb4 Rd2 68.Rb5+ Kf6 69.h4 Rd3+ 70.Kf2 Rh3
71.Rb4 Kg6 72.Kg2 Rd3 73.Rb5 Rc3 74.h5+ Kg5  1/2-1/2

[Event "Rakovica"]
[Site "Belgrade"]
[Date "1982.??.??"]
[Round "?"]
[White "Marjanovic, Slavoljub"]
[Black "Raicevic, Vladimir"]
[Result "1/2-1/2"]
[WhiteElo "2450"]
[BlackElo "2445"]

1.e4 e6 2.d4 d5 3.Nd2 a6 4.Ngf3 c5 5.exd5 exd5 6.Be2 Nc6 7.O-O cxd4 8.Re1 Be7
9.Nb3 Nf6 10.Nfxd4 O-O 11.Bf4 Bd6 12.Bxd6 Qxd6 13.Nxc6 bxc6 14.c4 a5 15.cxd5 cxd5
16.Bf3 a4 17.Nd4 Bd7 18.Rc1 Rab8 19.Rc2 Rb4 20.b3 axb3 21.axb3 Qb6 22.Rd2 Re8
23.Rxe8+ Bxe8 24.h3 h6 25.Qa1 g6 26.Qc3 Bd7 27.Qe3 Kg7 28.Qc3 Kh7 29.Nc6 Bxc6
30.Qxf6 Qc7 31.Qc3 Qb7 32.Re2 Bd7 33.Bxd5 Qxd5 34.Rd2 Qxb3 35.Qxb3  1/2-1/2

[Event "DSV-Turnier"]
[Site "Berlin-Ost"]
[Date "1982.??.??"]
[Round "12"]
[White "Pokojowczyk, Jerzy"]
[Black "Vaisser, Anatoli"]
[Result "1/2-1/2"]
[WhiteElo "2420"]
[BlackElo "2490"]

1.e4 e6 2.d4 d5 3.Nd2 a6 4.Ngf3 c5 5.exd5 exd5 6.Be2 cxd4 7.O-O Nf6 8.Nb3 Be7
9.Nfxd4 O-O 10.Bf4 Re8 11.Rc1 Bf8 12.Re1 Nbd7 13.Bf3 Nb6 14.Rxe8 Qxe8 15.Qe1 Qxe1+
16.Rxe1 Bg4 17.Bxg4 Nxg4 18.Nf5 Nc4 19.Ne7+ Bxe7 20.Rxe7 b5 21.Bc1 Kf8 22.Re1 Nf6
23.Nd4 Re8 24.Rd1 Rc8 25.f3 b4 26.b3 Na3 27.Bd2 a5 28.Rc1 Rc5 29.Be3 Nd7
30.Bf4 Ke7 31.Re1+ Kf6 32.Bd6 Rc8 33.Re7 Nf8 34.Re2 Ne6 35.Be5+ Kg6 36.Nxe6 fxe6
37.Bb2 Rxc2 38.Rxc2 Nxc2 39.Kf2 Na3 40.Bd4 Nb5 41.Bb6 Nc3 42.Bxa5 Nxa2 43.Ke3 Nc1
44.Bxb4 Nxb3 45.Bc3 Nc5 46.g4 Nd7 47.Kf4 Kf7 48.h4 Nb8 49.h5 Nc6 50.Bb2 Na5
51.Bd4 Nc4 52.Bc3 g6 53.hxg6+ Kxg6 54.Bd4 h5 55.gxh5+ Kxh5 56.Bf6 Kg6 57.Bc3 Kf7
58.Kg5 Ke7 59.Bb4+ Kd7 60.f4 d4 61.f5 e5 62.f6 Ke6 63.f7 Kxf7 64.Kf5 Kg7
65.Bc5 d3 66.Bb4 Na5 67.Ke4 Nc6 68.Bc3 Nd4 69.Kxd3  1/2-1/2

[Event "Brighton"]
[Site "Brighton"]
[Date "1982.??.??"]
[Round "?"]
[White "Shamkovich, Leonid"]
[Black "Short, Nigel D"]
[Result "1/2-1/2"]
[WhiteElo "2470"]
[BlackElo "2430"]

1.e4 e6 2.d4 d5 3.Nd2 Nc6 4.Ngf3 Nf6 5.e5 Nd7 6.Nb3 a5 7.a4 b6 8.c3 Be7 9.Bd3 Ncb8
10.Nbd2 Ba6 11.Bxa6 Nxa6 12.Qe2 c5 13.O-O O-O 14.Re1 Ndb8 15.Nb3 Nc6 16.Bf4 c4
17.Nbd2 Nc7 18.b3 cxb3 19.Reb1 Rb8 20.Rxb3 Na7 21.Qd3 h6 22.g4 b5 23.axb5 Rxb5
24.Rxb5 Ncxb5 25.Nb3 Na3 26.Qa6 Qb8 27.Nfd2 Rc8 28.Qxa5 N7b5 29.Nc5 Qc7 30.Rxa3 Nxa3
31.Qxa3 Bxc5 32.dxc5 Qxc5 33.Qxc5 Rxc5 34.Be3 Rxc3 35.Nf3 Rc4 36.h3 Re4 37.Kg2 Kh7
38.Bd4 Kg6 39.Nh4+ Kh7  1/2-1/2

[Event "Caorle op"]
[Site "Caorle"]
[Date "1982.??.??"]
[Round "7"]
[White "Morgenthaler, Marco"]
[Black "Sgaravatti, Francesco"]
[Result "1/2-1/2"]
[WhiteElo "2000"]
[BlackElo "2065"]

1.e4 e6 2.d4 d5 3.Nd2 Be7 4.Bd3 Nc6 5.c3 dxe4 6.Nxe4 e5 7.Ne2 Nf6 8.O-O Bg4
9.f3 Bh5 10.N2g3 Bg6 11.Nxf6+ Bxf6 12.Bxg6 hxg6 13.Qe2 Kf8 14.d5 Qxd5 15.Be3 Qe6
16.Rfd1 a6 17.Rd3 Kg8 18.b3 Kh7 19.Rad1 Rhd8 20.Ne4 Be7 21.Qe1 Kg8 22.Qg3 Rxd3
23.Rxd3 Rd8 24.Rxd8+ Nxd8 25.h4 Qf5 26.Qf2 Qd7 27.g3 Ne6 28.Kg2 Qd5 29.Qd2 c6
30.Kf2 f5 31.Ng5 Bxg5 32.hxg5 f4 33.gxf4 exf4 34.Bxf4 Qxd2+ 35.Bxd2 Kf7 36.Be3 Nc7
37.Ke2 Nd5 38.Kd3 Ke6 39.Bd4 Kf5 40.Bxg7 Kxg5 41.Ke4 a5 42.a3 b5 43.c4 bxc4
44.bxc4 Nb6 45.c5 Nd7 46.Bd4 a4 47.f4+ Kg4 48.Bf2 Kh5 49.Bd4 Kg4 50.Bg1 Kh5
51.f5 Kg5 52.fxg6 Kxg6 53.Bd4 Kf7 54.Kf5 Ke7 55.Bg1 Kf7 56.Ke4 Ke6 57.Kd4 Nb8
58.Kc4 Na6 59.Bh2 Kf5 60.Bd6 Ke4  1/2-1/2

[Event "Wch U20"]
[Site "Copenhagen"]
[Date "1982.??.??"]
[Round "1"]
[White "Garbarino, Rodolfo"]
[Black "Wolff, Patrick G"]
[Result "1-0"]
[WhiteElo "2305"]
[BlackElo "1815"]

1.e4 e6 2.d4 d5 3.Nd2 a6 4.Ngf3 c5 5.dxc5 Bxc5 6.Bd3 Nf6 7.Qe2 O-O 8.O-O Nc6
9.a3 Re8 10.e5 Nd7 11.b4 Be7 12.c4 f6 13.exf6 Bxf6 14.Rb1 Nce5 15.Bc2 Qc7
16.Bb3 Nxf3+ 17.Nxf3 d4 18.Bb2 b6 19.Bxd4 Bb7 20.Rbd1 Kh8 21.Ba4 Re7 22.Bxd7 Bxd4
23.Rxd4 Rxd7 24.Qxe6 Rf7 25.Ne5 Rf6 26.Qd7 Qxe5 27.Qxb7 Raf8 28.Qe4 Qg5 29.f4 Qg4
30.g3 h5 31.f5 Qg5 32.Qf4 Qxf4 33.Rdxf4 g6 34.fxg6  1-0

[Event "Politiken Cup"]
[Site "Copenhagen"]
[Date "1982.??.??"]
[Round "6"]
[White "Bellin, Robert"]
[Black "Sorensen, Bent"]
[Result "1-0"]
[WhiteElo "2410"]
[BlackElo "2305"]

1.e4 e6 2.d4 d5 3.Nd2 Be7 4.Ngf3 Nf6 5.Bd3 dxe4 6.Nxe4 Bd7 7.O-O Bc6 8.Qe2 O-O
9.c4 Bxe4 10.Bxe4 Nxe4 11.Qxe4 c6 12.Bd2 Nd7 13.Bc3 Bf6 14.Rad1 Qc7 15.Ne5 Rad8
16.Ng4 Bg5 17.f4 Nf6 18.Qe5 Qxe5 19.Nxe5 Bh6 20.Bb4 Rfe8 21.g4 Ne4 22.Rfe1 Nd6
23.g5 f6 24.Bxd6 Rxd6 25.Nf3 fxg5 26.fxg5 Rf8 27.Kg2 Rxf3 28.Kxf3 Bxg5 29.c5 Rd5
30.Rxe6 Bf6 31.Rd6 Kf7 32.Rxd5 cxd5 33.Rd3 Ke6 34.Rb3 Bxd4 35.Rxb7 Bxc5 36.Rxg7  1-0

[Event "Politiken Cup"]
[Site "Copenhagen"]
[Date "1982.??.??"]
[Round "7"]
[White "Westerinen, Heikki MJ"]
[Black "Wiedenkeller, Michael"]
[Result "1-0"]
[WhiteElo "2440"]
[BlackElo "2320"]

1.e4 e6 2.d4 d5 3.Nd2 Nc6 4.Ngf3 Nf6 5.e5 Nd7 6.b3 f6 7.Bb2 Be7 8.g3 O-O
9.Bg2 f5 10.O-O b5 11.Ne1 Na5 12.Nd3 c5 13.c4 bxc4 14.bxc4 Ba6 15.Nf4 Qb6
16.Qa4 Nxc4 17.Nxc4 Bxc4 18.Qxd7 Bxf1 19.Rxf1 Qxb2 20.Qxe6+ Kh8 21.Qxe7 Qxd4
22.Bxd5 Rad8 23.Bf7 c4 24.e6 c3 25.Qh4 g5 26.Qxg5  1-0

[Event "Politiken Cup"]
[Site "Copenhagen"]
[Date "1982.??.??"]
[Round "8"]
[White "Bellin, Robert"]
[Black "Wiedenkeller, Michael"]
[Result "0-1"]
[WhiteElo "2410"]
[BlackElo "2320"]

1.e4 e6 2.d4 d5 3.Nd2 Nc6 4.Ngf3 Nf6 5.e5 Nd7 6.Nb3 Be7 7.Bb5 a5 8.a4 Na7
9.Be2 c5 10.dxc5 Nc6 11.Bf4 g5 12.Bg3 Nxc5 13.Nxg5 Nxb3 14.Nxf7 Kxf7 15.Bh5+ Kg7
16.Qg4+ Kh6 17.Bf7 Bg5 18.cxb3 Qe7 19.f4 Qb4+ 20.Kf1 Be7 21.Bh4 Nxe5 22.Qh5+ Kg7
23.Qxe5+ Kxf7 24.Bxe7 Kxe7 25.Qg7+ Kd6 26.Qe5+ Ke7 27.Qg7+ Kd6 28.Qe5+ Kc6
29.Rc1+ Kb6 30.Qxh8 Qxf4+ 31.Ke2 Qe4+ 32.Kf2 Qf4+ 33.Ke2 e5 34.Qd8+ Ka6 35.Qd6+ b6
36.Qxd5 Bg4+ 37.Kd3 Qf5+  0-1

[Event "Wch U20"]
[Site "Copenhagen"]
[Date "1982.??.??"]
[Round "8"]
[White "Barbulescu, Dan"]
[Black "Tempone, Marcelo"]
[Result "1/2-1/2"]
[WhiteElo "2305"]
[BlackElo "2370"]

1.e4 e6 2.d4 d5 3.Nd2 a6 4.Ngf3 c5 5.exd5 exd5 6.Be2 Nc6 7.O-O c4 8.Re1 Be7
9.Nf1 Nf6 10.Bg5 O-O 11.Ne5 Be6 12.Bf3 Qb6 13.Nxc6 bxc6 14.b3 h6 15.Bxf6 Bxf6
16.c3 cxb3 17.Qxb3 Qa5 18.Ne3 Rab8 19.Qc2 Rfe8 20.g3 Re7 21.Reb1 Reb7 22.Rxb7 Rxb7
23.Bg4  1/2-1/2

[Event "Wch U20"]
[Site "Copenhagen"]
[Date "1982.??.??"]
[Round "13"]
[White "Hjartarson, Johann"]
[Black "Wiedenkeller, Michael"]
[Result "1-0"]
[WhiteElo "2400"]
[BlackElo "2305"]

1.e4 e6 2.d4 d5 3.Nd2 Nc6 4.Ngf3 Nf6 5.e5 Nd7 6.Be2 f6 7.exf6 Nxf6 8.Nf1 Bd6
9.Ne3 O-O 10.O-O b6 11.c3 Kh8 12.g3 Qe8 13.Nh4 Ne7 14.Ng4 Nxg4 15.Bxg4 e5
16.dxe5 Bxg4 17.Qxg4 Bxe5 18.Bg5 Qf7 19.Rae1 Bd6 20.Qe6 Rae8 21.Qxf7 Rxf7
22.Re6 Ref8 23.Rd1 Bc5 24.Be3 Bxe3 25.Rxe3 g5 26.Ng2 Nf5 27.Re5 Nd6 28.f4 gxf4
29.Nxf4 c6 30.Re6 Rf6 31.Rde1 Ne4 32.Rxf6 Rxf6 33.c4 Rd6 34.cxd5 cxd5 35.Kg2 Kg7
36.Rd1 Nf6 37.Kf3 Kf7 38.g4 h6 39.h4 Kg7 40.Rd4 Rc6 41.g5 hxg5 42.hxg5 Ne8
43.Rxd5 Rc2 44.Rd7+ Kg8 45.g6 a5 46.Re7 Nd6 47.Nd5 Rc5 48.Nf6+ Kf8 49.Re6 Rf5+
50.Kg4 Kg7 51.Ne8+ Nxe8 52.Kxf5  1-0

[Event "CSR-ch"]
[Site "Frenstat"]
[Date "1982.??.??"]
[Round "16"]
[White "Jansa, Vlastimil"]
[Black "Hausner, Ivan"]
[Result "1/2-1/2"]
[WhiteElo "2475"]
[BlackElo "2435"]

1.e4 e6 2.d4 d5 3.Nd2 Be7 4.Bd3 c5 5.dxc5 Nf6 6.Qe2 Bxc5 7.Ngf3 Nc6 8.O-O Be7
9.c3 Qc7 10.Re1 dxe4 11.Nxe4 b6 12.Nxf6+ Bxf6 13.Bg5 Bb7 14.Bxf6 gxf6 15.Ba6 Bxa6
16.Qxa6 Rd8 17.Qc4 Qd6 18.Qa4 Ke7 19.Rad1 Qc5 20.Nd4 Nxd4 21.cxd4 Qa5 22.Qxa5 bxa5
23.d5 Rb8 24.dxe6 fxe6 25.Rd5 Rxb2 26.Rxa5 Rb7 27.Ra6 Kf7 28.Raxe6 Rc8 29.Ra6 Rc2
30.h3 Kg6 31.Re3 Rb1+ 32.Kh2 Rxf2 33.Rxa7 Rb5 34.Ree7 h6 35.Rg7+ Kh5 36.Kg1 Rfb2
37.a4 Rg5 38.Rxg5+ hxg5 39.Rc7 Ra2 40.Rc4 f5 41.g4+ Kg6 42.gxf5+ Kxf5 43.Rc5+ Kf4
44.a5 Ra3 45.Kg2 Ra2+ 46.Kf1 Ra3  1/2-1/2

[Event "Gausdal Young Men"]
[Site "Gausdal"]
[Date "1982.??.??"]
[Round "4"]
[White "Hakki, Imad"]
[Black "Gausel, Einar"]
[Result "1-0"]
[WhiteElo "2310"]
[BlackElo "2200"]

1.e4 e6 2.d4 d5 3.Nd2 Be7 4.Ngf3 Nf6 5.e5 Nfd7 6.Bd3 c5 7.c3 Nc6 8.O-O Qb6
9.dxc5 Nxc5 10.Bc2 Qc7 11.Re1 a6 12.Nb3 h6 13.Qe2 b6 14.h4 Bb7 15.Nbd4 Ne4
16.Nxc6 Bxc6 17.c4 g5 18.cxd5 exd5 19.Nd4 Bc5 20.Be3 Bb7 21.e6 Rf8 22.Rac1 Qe5
23.Ba4+ Ke7 24.Bc6 Bxd4 25.Bxd4 Qxd4 26.Bxb7 fxe6 27.Bxa8 Rxf2 28.Qe3 Qxb2
29.Qh3 Qd4 30.Qa3+ Kd8 31.Qe3 Qb2 32.Qh3 Ke7 33.hxg5 Qd4 34.Qa3+ Kd8 35.Qe3 Qb2
36.Qh3 Qd4 37.Rxe4 dxe4 38.Kh1 Rf4 39.gxh6 e3 40.g3 e2  1-0